Click the Japan Cities - Statistics

General Stats
  • This quiz has been taken 1,213 times
  • The average score is 11 of 11
Answers on the Grid
Answers color-coded by a green-red scale on the quiz's grid according to % correct below.
Tokyo
Beijing
Seoul
Osaka
London
Fukuoka
Kyoto
Pyongyang
Sendai
Hong Kong
Kobe
Hiroshima
Shanghai
Wuhan
Sapporo
Macau
Nagoya
Niigata
Seattle
Nagasaki
 
Answer Stats
Answer % Correct
Tokyo
100%
Fukuoka
97%
Hiroshima
97%
Kyoto
97%
Osaka
97%
Nagasaki
96%
Nagoya
96%
Niigata
96%
Sendai
96%
Kobe
95%
Sapporo
95%
No matching quizzes found
Score Distribution
Percent of People with Each Score
Percentile by Number Answered
Your Score History
You have not taken this quiz